[Event "2nd Gideon Japhet Mem Op"]
[Site "Jerusalem ISR"]
[Date "2014.07.18"]
[Round "3.10"]
[White "Vaisberg, Michael"]
[Black "Kaspi, Alexander"]
[Result "0-1"]
[BlackTitle "IM"]
[WhiteElo "2122"]
[BlackElo "2438"]
[WhiteFideId "2814315"]
[BlackFideId "2802910"]
[EventDate "2014.07.16"]

1. d4 d5 2. Nf3 c6 3. c4 e6 4. Nc3 dxc4 5. a4 Bb4 6. g3 b5 7. Bg2 Bb7 8. O-O a6
9. Qc2 Nd7 10. e4 Bxc3 11. bxc3 Ne7 12. Ba3 Qc7 13. Rfb1 Nb6 14. Nd2 O-O 15. a5
Nbc8 16. Qb2 Rb8 17. f4 Rd8 18. Bc5 Ng6 19. Bh3 Nf8 20. e5 Nd7 21. Ne4 Nxc5 22.
Nxc5 Ne7 23. Rf1 Bc8 24. g4 Nd5 25. Rf3 b4 26. cxb4 Rxb4 27. Qf2 c3 28. Nd3 Rb5
29. Bf1 Rxa5 30. Rc1 Ra4 31. Nc5 Rb4 32. Nd3 Rb6 33. Rh3 Qe7 34. g5 a5 35. Qh4
h6 36. Qg4 Ba6 37. gxh6 g6 38. h7+ Kh8 39. Bg2 Bxd3 40. Rxd3 c2 41. Rd2 Ne3 42.
Qe2 Qa3 43. Qe1 Rxd4 44. Be4 Qxc1 45. Qxc1 Rb1 46. Rxc2 Rxc1+ 47. Rxc1 Rxe4 0-1

[Event "2nd Gideon Japhet Mem Op"]
[Site "Jerusalem ISR"]
[Date "2014.07.18"]
[Round "3.11"]
[White "Alexikov, Alexander"]
[Black "Calabrese, Gabriel"]
[Result "1-0"]
[WhiteTitle "IM"]
[WhiteElo "2380"]
[BlackElo "2049"]
[WhiteFideId "14103958"]
[BlackFideId "2802350"]
[EventDate "2014.07.16"]

1. e4 c5 2. Nf3 e6 3. c3 Nf6 4. e5 Nd5 5. d4 cxd4 6. Qxd4 Nc6 7. Qe4 f5 8. Qe2
d6 9. g3 Qc7 10. exd6 Bxd6 11. Bg2 O-O 12. O-O Bd7 13. Nbd2 e5 14. Nxe5 Nxc3 15.
Qc4+ Kh8 16. Nxd7 1-0

[Event "2nd Gideon Japhet Mem Op"]
[Site "Jerusalem ISR"]
[Date "2014.07.18"]
[Round "3.12"]
[White "Kraus, Yair"]
[Black "Haimovich, Tal"]
[Result "1-0"]
[BlackTitle "IM"]
[WhiteElo "2102"]
[BlackElo "2369"]
[WhiteFideId "2804786"]
[BlackFideId "2801698"]
[EventDate "2014.07.16"]

1. d4 Nf6 2. c4 e6 3. Nc3 Bb4 4. Qc2 c5 5. dxc5 Na6 6. a3 Bxc3+ 7. Qxc3 Nxc5 8.
b4 Nce4 9. Qd4 d5 10. c5 h6 11. f3 Ng5 12. h4 Ngh7 13. g4 Nf8 14. Bf4 Ng6 15.
Bd6 b6 16. e3 bxc5 17. bxc5 Bd7 18. Bd3 Ne7 19. Ne2 Nc6 20. Qb2 Qa5+ 21. Kf2 Kd8
22. Qb7 Rc8 23. Bb5 e5 24. Rad1 Nb8 25. Bxd7 Nbxd7 26. g5 Ng8 27. Rxd5 Qa4 28.
Rhd1 Qxh4+ 29. Kg2 Qxg5+ 30. Ng3 Ngf6 31. Be7+ Kxe7 32. Rxd7+ Nxd7 33. Qxd7+ 1-0

[Event "2nd Gideon Japhet Mem Op"]
[Site "Jerusalem ISR"]
[Date "2014.07.18"]
[Round "3.13"]
[White "Aharon, Ofir"]
[Black "Kali, Omer"]
[Result "1/2-1/2"]
[WhiteTitle "FM"]
[WhiteElo "2367"]
[BlackElo "2025"]
[WhiteFideId "2800683"]
[BlackFideId "2812436"]
[EventDate "2014.07.16"]

1. e4 e5 2. Nf3 Nc6 3. Bb5 a6 4. Ba4 Nf6 5. O-O b5 6. Bb3 Bb7 7. d3 Be7 8. Nc3
d6 9. a4 Na5 10. Ba2 b4 11. Ne2 O-O 12. Ng3 b3 13. cxb3 d5 14. Nxe5 dxe4 15. Qe1
Qd5 16. Nc4 Nxc4 17. dxc4 Qd7 18. Be3 Ng4 19. Rd1 Qe6 20. Qa5 Bd6 21. Qg5 h6 22.
Qh4 f5 23. Bd4 Be5 24. Bxe5 Nxe5 25. Ne2 g5 26. Qh5 f4 27. Nd4 Qf6 28. b4 c5 29.
bxc5 f3 30. c6 Bc8 31. c5+ Kg7 32. Ne6+ Bxe6 33. Bxe6 Qxe6 34. Rd6 Qf7 35. Qxh6+
Kg8 36. Re6 fxg2 37. Qxg5+ Qg7 38. Qxg7+ Kxg7 39. Kxg2 Rfe8 40. Rxe8 Rxe8 41.
Rd1 Nd3 42. c7 Rc8 43. f3 Nxb2 44. Rd6 Rxc7 45. Rxa6 exf3+ 46. Kxf3 Rxc5 47. Ke4 1/2-1/2

[Event "2nd Gideon Japhet Mem Op"]
[Site "Jerusalem ISR"]
[Date "2014.07.18"]
[Round "3.14"]
[White "Kerner, Michael"]
[Black "Axelrod, Arie"]
[Result "0-1"]
[BlackTitle "FM"]
[WhiteElo "2034"]
[BlackElo "2285"]
[WhiteFideId "2814064"]
[BlackFideId "2804867"]
[EventDate "2014.07.16"]

1. e4 c5 2. Nc3 Nc6 3. f4 g6 4. Nf3 Bg7 5. Bc4 e6 6. O-O Nge7 7. Qe1 O-O 8. d3
d5 9. Bb3 Nd4 10. Nxd4 cxd4 11. Ne2 dxe4 12. dxe4 b6 13. Bc4 a5 14. Ng3 Qc7 15.
Bd3 f5 16. Bd2 Nc6 17. Rc1 Ba6 18. Bxa6 Rxa6 19. Qe2 Ra7 20. Qc4 Nd8 21. Qb3 a4
22. Qd3 Nb7 23. Qe2 Nc5 24. Bb4 Rc8 25. Qc4 b5 26. Qe2 Na6 27. exf5 Nxb4 28.
Qxe6+ Kh8 29. fxg6 Qd7 30. Qe2 hxg6 31. Ne4 Rxc2 32. Qe1 Qg4 33. Nf2 Qxf4 34.
Qe8+ Kh7 35. Rce1 Rf7 36. Re4 Qf6 37. Rh4+ Qxh4 38. Qxf7 d3 39. a3 Rxf2 40. Rxf2
d2 41. Qf3 d1=Q+ 42. Qxd1 Bd4 0-1

[Event "2nd Gideon Japhet Mem Op"]
[Site "Jerusalem ISR"]
[Date "2014.07.18"]
[Round "3.15"]
[White "Shohat, Yotam"]
[Black "Slonimskij, Arkadij"]
[Result "0-1"]
[WhiteElo "1880"]
[BlackElo "2207"]
[WhiteFideId "2813955"]
[BlackFideId "4113420"]
[EventDate "2014.07.16"]

1. c4 e5 2. g3 Nf6 3. Bg2 d5 4. cxd5 Nxd5 5. Nc3 Nb6 6. Nf3 Nc6 7. O-O Be7 8. d3
O-O 9. Be3 Be6 10. Ne4 Nd5 11. Bc5 f6 12. Bxe7 Qxe7 13. Qc1 Rad8 14. Nc5 Bc8 15.
Nb3 Kh8 16. Nfd2 Nd4 17. Nxd4 exd4 18. Bf3 c5 19. Nc4 f5 20. Qd2 b6 21. Rae1 f4
22. e4 dxe3 23. fxe3 fxg3 24. hxg3 Nb4 25. d4 b5 26. Ne5 Qxe5 27. Qf2 Qe7 0-1

[Event "2nd Gideon Japhet Mem Op"]
[Site "Jerusalem ISR"]
[Date "2014.07.18"]
[Round "3.16"]
[White "Grinberg, Eyal"]
[Black "Iskhakabeev, Alon"]
[Result "1-0"]
[WhiteElo "2201"]
[BlackElo "2008"]
[WhiteFideId "2806070"]
[BlackFideId "2811901"]
[EventDate "2014.07.16"]

1. e4 e6 2. d4 d5 3. Nd2 Nf6 4. e5 Nfd7 5. Bd3 c5 6. c3 Nc6 7. Ne2 cxd4 8. cxd4
f6 9. exf6 Nxf6 10. Nf3 Bd6 11. O-O Qc7 12. Bg5 O-O 13. Bh4 Nh5 14. Qc2 h6 15.
Bh7+ Kh8 16. Bg6 Rxf3 17. Bxh5 Rf8 18. Bg3 Bd7 19. Rad1 Rf6 20. Nc3 a6 21. Bxd6
Qxd6 22. g3 Raf8 23. Qd2 Be8 24. Bxe8 Rxe8 25. f4 b5 26. Qe3 Ref8 27. Ne2 h5 28.
h4 Qd7 29. Rc1 Ne7 30. Qf3 Rh6 31. Qa3 Qd8 32. Rc2 Nf5 33. Rfc1 Kh7 34. Qf3 Qf6
35. Rd1 Qg6 36. Rc7 Nxh4 37. Qa3 Re8 38. Kf2 Nf5 39. Qd3 Qg4 40. Qf3 Qg6 41. Rc6
Rd8 42. Rg1 Nd6 43. Rc7 Rc8 44. Rxc8 Nxc8 45. Qa3 Qe8 46. Rc1 Ne7 47. Ng1 Nf5
48. Nf3 Rg6 49. Ng5+ Rxg5 50. fxg5 Nxd4 51. Qd3+ Nf5 52. Rh1 Kg8 53. Qe2 g6 54.
Qe5 Qc6 55. Re1 Qc5+ 56. Kg2 Ng7 57. Rf1 Qc2+ 58. Rf2 Qd3 59. Rf1 Qd2+ 60. Kh3
Qc2 61. Qb8+ Kh7 62. Qe5 Kg8 63. Qf4 Qc6 64. Rc1 Qe8 1-0

[Event "2nd Gideon Japhet Mem Op"]
[Site "Jerusalem ISR"]
[Date "2014.07.18"]
[Round "3.17"]
[White "Parkhov, Yair"]
[Black "Zlatin, Alexander"]
[Result "1/2-1/2"]
[WhiteElo "1935"]
[BlackElo "1933"]
[WhiteFideId "2813408"]
[BlackFideId "2810549"]
[EventDate "2014.07.16"]

1. c4 Nf6 2. Nf3 e6 3. g3 b6 4. Bg2 Bb7 5. d4 Bb4+ 6. Nbd2 O-O 7. O-O d5 8. Qc2
Be7 9. Ne5 c5 10. e3 Nc6 11. Nxc6 Bxc6 12. b3 Qc7 13. dxc5 bxc5 14. Ba3 d4 15.
Bxc6 d3 16. Qxd3 Qxc6 17. f3 Rfd8 18. Qe2 a5 19. Bb2 a4 20. e4 Rab8 21. Be5 Rb7
22. Rfd1 Rbd7 23. Nf1 Ne8 24. Ne3 f6 25. Bc3 Kf7 26. Kf2 axb3 27. Rxd7 Rxd7 28.
axb3 Rb7 29. Qc2 Rb8 30. Ke2 Nc7 31. Ra7 Qb6 32. Ra3 Na6 33. Ra1 Nb4 34. Bxb4
cxb4 35. Rd1 Rb7 36. Qd3 Bc5 37. Nc2 1/2-1/2

[Event "2nd Gideon Japhet Mem Op"]
[Site "Jerusalem ISR"]
[Date "2014.07.18"]
[Round "3.18"]
[White "Bar, Aviv"]
[Black "Gal, Moshe"]
[Result "1-0"]
[WhiteElo "2167"]
[BlackElo "2192"]
[WhiteFideId "2806339"]
[BlackFideId "2815630"]
[EventDate "2014.07.16"]

1. e4 e5 2. Nf3 Nc6 3. Bb5 a6 4. Ba4 Nge7 5. O-O g6 6. d4 exd4 7. Bg5 Bg7 8. c3
b5 9. Bb3 h6 10. Bh4 g5 11. Bg3 d6 12. Nxd4 Nxd4 13. cxd4 d5 14. exd5 Nxd5 15.
Nc3 c6 16. Nxd5 cxd5 17. a4 b4 18. Qe1+ Be6 19. Qxb4 a5 20. Qc5 Qd7 21. Rfe1 Rd8
22. Qxa5 O-O 23. Qd2 Ra8 24. Bd1 Rfc8 25. b3 Bf5 26. Be5 f6 27. Bg3 Bf8 28. Be2
Rc2 29. Qd1 Bb4 30. Bb5 Qf7 31. Qf3 Be6 32. Rec1 Rac8 33. Rxc2 Rxc2 34. Qd3 Rc3
35. Qd1 Qa7 36. h4 Bf5 37. hxg5 hxg5 38. Ra2 Qh7 39. a5 Bc2 40. Rxc2 Qxc2 41.
Qxc2 Rxc2 42. a6 Ra2 43. Ba4 1-0

[Event "2nd Gideon Japhet Mem Op"]
[Site "Jerusalem ISR"]
[Date "2014.07.18"]
[Round "3.19"]
[White "Altshul, Limor"]
[Black "Poleg, Matan"]
[Result "0-1"]
[WhiteElo "1918"]
[BlackElo "2157"]
[WhiteFideId "2812550"]
[BlackFideId "2811472"]
[EventDate "2014.07.16"]

1. c4 Nf6 2. Nc3 e6 3. e4 d5 4. e5 d4 5. exf6 dxc3 6. bxc3 Qxf6 7. d4 e5 8. Nf3
Nc6 9. Be2 exd4 10. Bg5 Qg6 11. cxd4 Bb4+ 12. Bd2 O-O 13. d5 Bxd2+ 14. Qxd2 Qf6
15. O-O Ne5 16. Rab1 Ng6 17. Qd4 Nf4 18. Rfe1 Qf5 19. Bf1 Nh3+ 20. gxh3 Qxf3 21.
Re3 Qh5 22. Rg3 g6 23. Qf4 c6 24. Bd3 cxd5 25. cxd5 Qxd5 26. Rb5 Qxa2 27. Re5
Bd7 28. Qf6 Qa1+ 29. Kg2 Bc6+ 30. f3 Qb2+ 31. Kf1 Rad8 32. Be2 Rd5 33. f4 Bb5
34. Rge3 Rxe5 35. fxe5 Qc1+ 36. Kf2 Bxe2 37. Rxe2 Qc6 38. Qh4 Qe6 39. Qg3 Rc8
40. Rd2 Qf5+ 41. Kg2 Rc1 0-1

[Event "2nd Gideon Japhet Mem Op"]
[Site "Jerusalem ISR"]
[Date "2014.07.18"]
[Round "3.20"]
[White "Yerushalmi, Eran"]
[Black "Shimonovich, Yoav"]
[Result "0-1"]
[WhiteElo "1902"]
[BlackElo "2102"]
[WhiteFideId "2814285"]
[BlackFideId "2809702"]
[EventDate "2014.07.16"]

1. e4 c5 2. Nf3 d6 3. d4 cxd4 4. Nxd4 Nf6 5. Nc3 a6 6. f4 e6 7. Be2 Be7 8. O-O
O-O 9. Be3 Nc6 10. Qe1 Nxd4 11. Bxd4 b5 12. Bf3 Bb7 13. a3 Qc7 14. Qg3 Rad8 15.
Rad1 Ne8 16. f5 e5 17. Be3 Kh8 18. Qf2 Qc4 19. Rd2 Nf6 20. Bg5 Ng4 21. Bxg4 Bxg5
22. Be2 Qc5 23. Rd3 Qc7 24. Rfd1 Be7 25. Bf1 Rc8 26. Kh1 Qc5 27. Qxc5 Rxc5 28.
R3d2 Rfc8 29. Kg1 Rxc3 30. bxc3 Bxe4 31. Bd3 Ba8 32. Rb1 e4 33. Be2 d5 34. a4
bxa4 35. Bxa6 Rd8 36. Rdd1 g6 37. fxg6 hxg6 38. Bb7 a3 39. Bxa8 Rxa8 40. Rxd5 a2
41. Ra1 Bf6 42. Rc5 Ra3 43. Kf1 Kg7 44. Ke2 Bxc3 45. Rxa2 Rxa2 46. Rxc3 f5 47.
h4 Kh6 48. Ke3 Kh5 49. Kf4 Ra1 50. Kg3 Rf1 51. Rc5 g5 52. hxg5 f4+ 53. Kh2 e3
54. Re5 Rf2 55. Kg1 Kg4 56. g6 0-1

[Event "2nd Gideon Japhet Mem Op"]
[Site "Jerusalem ISR"]
[Date "2014.07.20"]
[Round "4.1"]
[White "Soffer, Ram"]
[Black "Reshef, Omer"]
[Result "1/2-1/2"]
[WhiteTitle "GM"]
[WhiteElo "2447"]
[BlackElo "2275"]
[WhiteFideId "2800101"]
[BlackFideId "2804336"]
[EventDate "2014.07.16"]

1. d4 d5 2. c4 c6 3. Nc3 Nf6 4. e3 g6 5. Nf3 Bg7 6. Be2 O-O 7. O-O Bg4 8. cxd5
cxd5 9. Qb3 b6 10. h3 Bc8 11. Bd2 Bb7 12. Rac1 Ne4 13. Rfd1 Nxd2 14. Rxd2 Nc6
15. Qa4 a6 16. Qd1 Qd6 17. Na4 Na5 18. b3 e6 19. Rdc2 Rfc8 20. Qf1 Bf6 21. Ne5
Rxc2 22. Rxc2 Bd8 23. f4 f6 24. Nd3 Nc6 25. Qa1 Nb4 26. Nxb4 Qxb4 27. Nb2 Rc8
28. Qc1 Rxc2 29. Qxc2 Qd6 30. Nd3 Kf7 1/2-1/2

[Event "2nd Gideon Japhet Mem Op"]
[Site "Jerusalem ISR"]
[Date "2014.07.20"]
[Round "4.2"]
[White "Zanan, Evgeny"]
[Black "Huzman, Alexander"]
[Result "1/2-1/2"]
[WhiteTitle "FM"]
[BlackTitle "GM"]
[WhiteElo "2283"]
[BlackElo "2589"]
[WhiteFideId "24101940"]
[BlackFideId "2803828"]
[EventDate "2014.07.16"]

1. Nf3 c5 2. c4 Nc6 3. Nc3 g6 4. g3 Bg7 5. Bg2 d6 6. O-O Nf6 7. d4 cxd4 8. Nxd4
Bd7 9. Nc2 h5 10. h4 O-O 11. b3 a6 12. Bb2 Ng4 13. Qc1 Rb8 14. Ne4 Nce5 15. Nd4
Rc8 16. Qd2 b5 17. cxb5 axb5 18. Nc3 Qa5 19. Rad1 Qa7 20. Ba1 Rc5 21. Ne4 Rcc8
22. Nc3 Qb8 23. Nd5 Rfe8 24. Qa5 Nc6 25. Nxc6 Bxc6 26. Bxg7 Kxg7 27. Rc1 Bxd5
28. Bxd5 b4 29. Rfd1 e6 30. Bf3 Ne5 31. Rxc8 Rxc8 32. Rd4 Nxf3+ 33. exf3 Qb7 34.
Rf4 e5 35. Re4 Rc2 36. Kg2 Qc6 37. Qxb4 Rxa2 38. Rc4 Qd5 39. Rc7 Rd2 40. Qc4 Rd3
41. Qxd5 Rxd5 42. Rb7 Rd1 43. b4 Kf6 44. b5 Ke6 45. Rb8 Rb1 46. g4 Rb4 47. Kg3
Rb3 48. gxh5 gxh5 49. Rh8 d5 50. Rxh5 e4 51. Rh8 Rxf3+ 52. Kg2 Rb3 53. h5 f5 54.
b6 Kf6 55. Rf8+ Kg5 56. h6 Kxh6 57. Rxf5 Rxb6 58. Rxd5 1/2-1/2

[Event "2nd Gideon Japhet Mem Op"]
[Site "Jerusalem ISR"]
[Date "2014.07.20"]
[Round "4.3"]
[White "Battaglini, Gabriel"]
[Black "Mindlin, Alon"]
[Result "1-0"]
[WhiteTitle "IM"]
[WhiteElo "2430"]
[BlackElo "2280"]
[WhiteFideId "621650"]
[BlackFideId "2800071"]
[EventDate "2014.07.16"]

1. d4 d5 2. c4 e6 3. Nc3 c5 4. cxd5 exd5 5. Nf3 Nc6 6. g3 Nf6 7. Bg2 Be7 8. O-O
O-O 9. Bg5 c4 10. Ne5 Be6 11. b3 cxb3 12. Nxc6 bxc6 13. axb3 h6 14. Bxf6 Bxf6
15. Na4 Be7 16. Qc2 Qd7 17. Rfc1 Rfc8 18. e3 Bh3 19. Nc5 Qg4 20. Bxh3 Qxh3 21.
Ra6 Rc7 22. Nd3 Rac8 23. b4 Bd6 24. Rca1 Qd7 25. Qa4 Ra8 26. Rc1 Rac8 27. Ra5
Rb8 28. Nc5 Bxc5 29. Raxc5 h5 30. Rxc6 Rxb4 31. Qxb4 Rxc6 32. Rxc6 Qxc6 33. Qb8+
Kh7 34. Qxa7 Qe6 35. h4 Qf5 36. Qc7 g6 37. Qe5 Qb1+ 38. Kg2 Qb7 39. Kf3 Qb1 40.
Kf4 Qb7 41. Kg5 Qc6 42. f3 Qb6 43. Qf6 Qb7 44. Qd6 Kg7 45. Qe5+ Kh7 46. Kf6 Qd7
47. g4 hxg4 48. fxg4 Kg8 49. Qb8+ Kh7 50. Qe5 Kg8 51. h5 Qd8+ 52. Qe7 Qb6+ 53.
Ke5 Qc6 54. h6 Qc1 55. h7+ Kxh7 56. Qxf7+ Kh8 57. Kf6 Qf1+ 58. Kxg6 Qb1+ 59. Qf5 1-0

[Event "2nd Gideon Japhet Mem Op"]
[Site "Jerusalem ISR"]
[Date "2014.07.20"]
[Round "4.4"]
[White "Malisov, Boris"]
[Black "Birnboim, Nathan"]
[Result "1/2-1/2"]
[BlackTitle "IM"]
[WhiteElo "2264"]
[BlackElo "2335"]
[WhiteFideId "2802503"]
[BlackFideId "2800209"]
[EventDate "2014.07.16"]

1. e4 e6 2. d3 d5 3. Nd2 Nf6 4. Ngf3 b6 5. c3 c5 6. Qa4+ Bd7 7. Qc2 Nc6 8. g3
Be7 9. Bg2 O-O 10. O-O Rc8 11. Re1 b5 12. e5 Ne8 13. Nf1 b4 14. h4 Nc7 15. c4
Nd4 16. Nxd4 cxd4 17. Qd1 f5 18. cxd5 Nxd5 19. Bxd5 exd5 20. Bf4 Be6 21. Nd2 h6
22. Nf3 Qb6 23. Qa4 Kf7 24. Rac1 Rg8 25. Rxc8 Rxc8 26. Rc1 Rxc1+ 27. Bxc1 Bc5
28. Qc2 Qb5 29. b3 Qb6 30. Bb2 Ke7 31. Qc1 Kd7 32. Kf1 f4 33. Qxf4 Qa6 34. Bxd4
Qxd3+ 35. Kg2 Be7 36. Bxa7 Qa6 37. Qe3 Bf5 38. Bc5 Be4 39. Bxe7 Kxe7 40. Kg1
Qxa2 41. Ne1 Qa1 42. Qc5+ Kf7 43. Qxb4 Qxe5 44. Qd2 Qa1 45. Kf1 Qa6+ 46. Qe2 Qb6
47. Qe3 Qa6+ 48. Kg1 Qa1 49. f3 Bf5 50. g4 Be6 51. Kf2 Qf6 52. g5 hxg5 53. hxg5
Qb2+ 54. Kg3 d4 55. Qe5 Qxb3 56. Qxd4 Qd5 57. Qxd5 Bxd5 58. Nd3 Ba2 59. Nf4 Bb3
60. Kf2 Ba4 61. Ke3 Bd1 62. Nd3 Ke6 63. Kf4 Bxf3 64. Nc5+ Kd5 65. Kxf3 Kxc5 66.
Kf4 Kd6 67. Kf5 Kd5 1/2-1/2

[Event "2nd Gideon Japhet Mem Op"]
[Site "Jerusalem ISR"]
[Date "2014.07.20"]
[Round "4.5"]
[White "Kobo, Ori"]
[Black "Zaltz, Dov"]
[Result "1/2-1/2"]
[WhiteTitle "FM"]
[WhiteElo "2308"]
[BlackElo "2254"]
[WhiteFideId "2812320"]
[BlackFideId "2800578"]
[EventDate "2014.07.16"]

1. c4 g6 2. Nc3 Bg7 3. e4 d6 4. d4 Nf6 5. f4 O-O 6. Nf3 Na6 7. Be2 e5 8. O-O
exd4 9. Nxd4 Re8 10. Bf3 c6 11. Re1 Qb6 12. Kh1 Ng4 13. Bxg4 Bxg4 14. Qxg4 Bxd4
15. Qe2 Nc5 16. e5 dxe5 17. f5 gxf5 18. Be3 Qa5 19. Rf1 f4 20. Bc1 b6 21. Be3 1/2-1/2

[Event "2nd Gideon Japhet Mem Op"]
[Site "Jerusalem ISR"]
[Date "2014.07.20"]
[Round "4.6"]
[White "Kaspi, Alexander"]
[Black "Zisman, Philip"]
[Result "1-0"]
[WhiteTitle "IM"]
[WhiteElo "2438"]
[BlackElo "2232"]
[WhiteFideId "2802910"]
[BlackFideId "2805197"]
[EventDate "2014.07.16"]

1. d4 g6 2. e4 Bg7 3. c4 Nc6 4. Be3 e5 5. d5 Nd4 6. Bxd4 exd4 7. Bd3 c5 8. Ne2
d6 9. O-O Nf6 10. h3 O-O 11. Nd2 a6 12. a3 Nd7 13. f4 Rb8 14. Rb1 Re8 15. b4 Qc7
16. Kh1 cxb4 17. axb4 a5 18. Nb3 axb4 19. Nexd4 Nc5 20. Nb5 Qe7 21. Nxc5 dxc5
22. e5 Rd8 23. Qf3 Bd7 24. d6 Qh4 25. Nc7 Rf8 26. Be4 g5 27. Rbe1 g4 28. Qd3
gxh3 29. g3 Qh5 30. Kh2 Bg4 31. Rf2 Kh8 32. Bf3 Bxf3 33. Qxf3 Qf5 34. g4 Qd7 35.
g5 h6 36. gxh6 Bxh6 37. Qh5 Kh7 38. Re3 Rh8 39. Rxh3 Kg8 40. Rg2+ Kf8 41. Qxh6+
Rxh6 42. Rxh6 1-0

[Event "2nd Gideon Japhet Mem Op"]
[Site "Jerusalem ISR"]
[Date "2014.07.20"]
[Round "4.7"]
[White "Slonimskij, Arkadij"]
[Black "Alexikov, Alexander"]
[Result "0-1"]
[BlackTitle "IM"]
[WhiteElo "2207"]
[BlackElo "2380"]
[WhiteFideId "4113420"]
[BlackFideId "14103958"]
[EventDate "2014.07.16"]

1. d4 Nf6 2. c4 d6 3. Nc3 c6 4. e4 e5 5. dxe5 dxe5 6. Qc2 Nbd7 7. Nf3 Qc7 8. Be2
Be7 9. O-O Nf8 10. h3 Ne6 11. Rd1 Rg8 12. Bf1 g5 13. Ne2 g4 14. Nh4 gxh3 15. g3
h2+ 16. Kh1 Ng4 17. Be3 Nxe3 18. fxe3 Bxh4 19. gxh4 Qe7 20. Nc3 Qxh4 21. Qxh2
Qg5 22. Be2 Rg6 23. Rg1 Rh6 24. Rxg5 Rxh2+ 25. Kxh2 Nxg5 26. Kg3 Be6 27. c5 Ke7
28. Kf2 b6 29. cxb6 axb6 30. a4 b5 31. Bd3 b4 32. Ne2 c5 33. Ng3 c4 34. Be2 Ra5
35. Rc1 b3 36. Nf5+ Bxf5 37. exf5 Ne4+ 38. Ke1 c3 39. bxc3 Rxa4 40. Rb1 Nc5 41.
c4 Kf6 42. Bd1 Rxc4 43. Bxb3 Rb4 44. Bc2 Rxb1+ 45. Bxb1 e4 46. Ba2 Nd3+ 47. Kf1
Ne5 48. Kg2 Kxf5 49. Bd5 f6 50. Bg8 Kg6 51. Bd5 f5 0-1

[Event "2nd Gideon Japhet Mem Op"]
[Site "Jerusalem ISR"]
[Date "2014.07.20"]
[Round "4.8"]
[White "Axelrod, Arie"]
[Black "Kraus, Yair"]
[Result "1/2-1/2"]
[WhiteTitle "FM"]
[WhiteElo "2285"]
[BlackElo "2102"]
[WhiteFideId "2804867"]
[BlackFideId "2804786"]
[EventDate "2014.07.16"]

1. e4 c5 2. Nf3 e6 3. c4 Nc6 4. Nc3 e5 5. d3 d6 6. Be2 g6 7. O-O Bg7 8. Ne1 Nge7
9. f4 f5 10. Nc2 O-O 11. Kh1 Be6 12. Rb1 Qd7 13. Nd5 Kh8 14. b4 b6 15. fxe5 Nxe5
16. Bg5 Nxd5 17. exd5 Bg8 18. d4 cxd4 19. Nxd4 Rac8 20. Rc1 Rfe8 21. Bf4 Ng4 22.
Bxg4 fxg4 23. Nb5 Rxc4 24. Rxc4 Qxb5 25. Rc7 Bxd5 26. Re1 Be4 27. Bxd6 Bxg2+ 28.
Kxg2 Rxe1 29. Qxe1 Qd5+ 30. Kf1 Qxd6 31. Qe8+ Bf8 32. Rd7 Qf6+ 33. Ke2 Kg8 34.
Rxa7 Qf3+ 35. Kd2 Qd5+ 36. Ke3 b5 37. Ra8 Qf3+ 38. Kd4 Qd1+ 39. Ke4 Qe1+ 40. Kd5
Qxb4 41. Qe6+ Kh8 42. Kc6 Qc5+ 43. Kd7 Kg7 44. Ke8 Bd6 45. Qd7+ Kh6 46. Qxg4
Qc6+ 47. Kf7 Qb7+ 48. Ke6 Qxa8 49. Qh4+ 1/2-1/2

[Event "2nd Gideon Japhet Mem Op"]
[Site "Jerusalem ISR"]
[Date "2014.07.20"]
[Round "4.9"]
[White "Gindi, Shachar"]
[Black "Iskhakabeev, Alon"]
[Result "1-0"]
[WhiteElo "2319"]
[BlackElo "2008"]
[WhiteFideId "2804182"]
[BlackFideId "2811901"]
[EventDate "2014.07.16"]

1. Nf3 Nf6 2. c4 c6 3. Nc3 d5 4. e3 e6 5. b3 Nbd7 6. Qc2 Be7 7. Bb2 b6 8. d4 Bb7
9. Be2 O-O 10. O-O c5 11. Rfd1 cxd4 12. exd4 dxc4 13. bxc4 Rc8 14. Nd2 Qc7 15.
Nf1 Ba6 16. Ne3 Rfd8 17. Qa4 Nb8 18. Rac1 Qd7 19. Nb5 Bxb5 20. cxb5 a5 21. Nc4
Nd5 22. Bf3 Qa7 23. Ne5 Bg5 24. Rc2 g6 25. a3 Qb7 26. g3 Rxc2 27. Qxc2 Rc8 28.
Qe2 Nd7 29. h4 Bh6 30. Nc6 N7f6 31. h5 Rxc6 32. bxc6 Qxc6 33. hxg6 hxg6 34. Kg2
b5 35. Rh1 Kg7 36. Qe5 b4 37. Rxh6 bxa3 38. Bxa3 Qc3 39. Bxd5 Qxa3 40. Rh4 exd5
41. Rf4 1-0

[Event "2nd Gideon Japhet Mem Op"]
[Site "Jerusalem ISR"]
[Date "2014.07.20"]
[Round "4.10"]
[White "Poleg, Dan"]
[Black "Grinberg, Eyal"]
[Result "0-1"]
[WhiteElo "1999"]
[BlackElo "2201"]
[WhiteFideId "2812398"]
[BlackFideId "2806070"]
[EventDate "2014.07.16"]

1. d4 Nf6 2. c4 c5 3. e3 g6 4. Nf3 Bg7 5. Nc3 cxd4 6. exd4 O-O 7. Bg5 d5 8. Bxf6
Bxf6 9. Nxd5 Bg7 10. Qd2 Nc6 11. Be2 Bg4 12. Nc3 Bxf3 13. Bxf3 Qxd4 14. Bxc6
bxc6 15. Qxd4 Bxd4 16. Rc1 a5 17. b3 e5 18. Ke2 f5 19. h4 Rad8 20. Rhd1 Rfe8 21.
Rd2 Kf7 22. Rcd1 Ke7 23. Nb1 Bb6 24. g3 Rxd2+ 25. Rxd2 Bd4 26. Na3 Bc5 27. Nc2
Rb8 28. Rd1 Ke6 29. Rb1 Rd8 30. Ne1 e4 31. f3 Bb4 32. fxe4 fxe4 33. Rb2 Kf5 34.
Kf2 e3+ 35. Ke2 Bxe1 36. Kxe1 Ke4 37. Ke2 Rf8 38. Rb1 Rf2+ 39. Ke1 Rh2 40. Rd1
Ke5 0-1

[Event "2nd Gideon Japhet Mem Op"]
[Site "Jerusalem ISR"]
[Date "2014.07.20"]
[Round "4.11"]
[White "Gruenfeld, Yehuda"]
[Black "Bar, Aviv"]
[Result "1-0"]
[WhiteTitle "GM"]
[WhiteElo "2449"]
[BlackElo "2167"]
[WhiteFideId "2800020"]
[BlackFideId "2806339"]
[EventDate "2014.07.16"]

1. e4 c5 2. Nf3 d6 3. Bb5+ Nc6 4. O-O Bd7 5. Re1 a6 6. Bf1 Nf6 7. c3 e5 8. h3
Be7 9. d4 cxd4 10. cxd4 exd4 11. Nxd4 O-O 12. Nc3 Rc8 13. Bf4 Re8 14. Nxc6 Bxc6
15. Qb3 Nd7 16. Rad1 Nc5 17. Qc2 Ne6 18. Bg3 Qb6 19. Kh1 Red8 20. Qd2 Bf6 21. f4
Nc5 22. Bf2 Qb4 23. Nd5 Qxd2 24. Rxd2 Bxd5 25. Rxd5 Na4 26. Bd4 b5 27. Bxf6 gxf6
28. Rd2 Nb6 29. b3 Kf8 30. Be2 Ke7 31. Bg4 Rc6 32. Kh2 Nd7 33. Red1 Nf8 34. Bf3
Rb6 35. Rc2 Ne6 36. g3 Rbb8 37. Rc6 a5 38. Ra6 Ra8 39. Rxa8 Rxa8 40. e5 Rd8 41.
exf6+ Kxf6 42. h4 Rc8 43. Be4 h6 44. Rxd6 Rd8 45. Rxd8 Nxd8 46. Kg2 Ne6 47. Kf3
Ke7 48. Ke3 f6 49. Bd5 Nc5 50. Kd4 Kd6 51. g4 Nd7 52. Be4 Nc5 53. Bf5 Na6 54.
Bd3 Nb4 55. a3 Nd5 56. g5 fxg5 57. fxg5 hxg5 58. hxg5 Nc7 59. Bf5 Ne8 60. g6 Ng7
61. Bg4 Ne8 62. Bh3 Ng7 63. Bf1 Ne6+ 64. Ke4 Nc5+ 65. Kf5 Ke7 66. Bxb5 Nxb3 67.
g7 1-0